000 00380nam a2200169Ia 4500
001 18526
003 IN-NITTTR
005 20251114233215.0
008 251113s9999||||xx |||||||||||||| ||eng||
040 _beng
040 _cIN-NITTTR
041 _aeng
082 _a371.33 C738 R
100 _aLewis, Bob
245 0 _aComputer based training. /
_cLewis, Bob
942 _2ddc
_cBK
999 _c21160
_d21160